000 00498nam a22001577a 4500
003 OSt
005 20140310181750.0
008 130626t xxu||||| |||| 00| 0 eng d
050 _aAM 79
_b.G946 1988
082 _aFIL 069
_bG94 1988
245 _aA guidebook to the museums of Metro Manila :
_cJose, Regalado Trota
260 _aManila, Philippines :
_bPresidential Commission on Culture and Arts.
_cc1988.
300 _a115 p.
_bcol. : ill. ;
_c24 cm.
541 _j1
942 _2lcc
_cBK-FIL
_kFIL
999 _c3175
_d3175